Catálogo público

Diagnóstico y perspectivas del Sistema Agroindustrial miel en el estado de Yucatán / (Record no. 175976)

MARC details
000 -CABECERA
campo de control de longitud fija 04188nam a2200493 a 4500
001 - NÚMERO DE CONTROL
campo de control dia_5135
003 - IDENTIFICADOR DEL NÚMERO DE CONTROL
campo de control CHAP
005 - FECHA Y HORA DE LA ÚLTIMA TRANSACCIÓN
campo de control 20250826135154.0
007 - CAMPO FIJO DE DESCRIPCIÓN FÍSICA--INFORMACIÓN GENERAL
campo de control de longitud fija ta
008 - DATOS DE LONGITUD FIJA--INFORMACIÓN GENERAL
campo de control de longitud fija 220117s1998 mx bd frm 001 0 spa d
010 ## - NÚMERO DE CONTROL DE LA BIBLIOTECA DEL CONGRESO
Número de control de LC 175976
040 ## - FUENTE DE LA CATALOGACIÓN
Centro/agencia transcriptor CHAP
Centro catalogador/agencia de origen mxchpua
Normas de descripción rda
041 0# - CÓDIGO DE LENGUA
Código de lengua del texto/banda sonora o título independiente spa
Código de lengua del sumario o resumen eng
090 ## - LOCALMENTE ASIGNADO TIPO-LC NÚMERO DE CLASIFICACIÓN (OCLC); NÚMERO DE CLASIFICACIÓN LOCAL (RLIN)
Número de clasificación (OCLC) (R) ; Numero de clasificación, CALL (RLIN) (NR) Tesis
Número cutter local (OCLC) ; Número de libro/Signatura topográfica íntegra, CALL (RLIN) R36
año 1998
100 1# - ENTRADA PRINCIPAL--NOMBRE DE PERSONA
Nombre de persona Ramírez Calihua, José Angel
240 10 - TÍTULO UNIFORME
Título uniforme Diagnostic and perspectives of the agroindustrial system of honey in the state of Yucatan.
Lenguaje de la obra Español
245 10 - MENCIÓN DE TÍTULO
Título Diagnóstico y perspectivas del Sistema Agroindustrial miel en el estado de Yucatán /
Mención de responsabilidad, etc. José Angel Ramírez Calihua y José Luis Zacarias Flores
264 ## - PRODUCCIÓN, PUBLICACIÓN, DISTRIBUCIÓN, FABRICACIÓN Y COPYRIGHT
Producción, publicación, distribución, fabricación y copyright Chapingo, México :
Nombre del de productor, editor, distribuidor, fabricante El autor,
Fecha de producción, publicación, distribución, fabricación o copyright 1998
300 ## - DESCRIPCIÓN FÍSICA
Extensión ix, 104 hojas :
Otras características físicas mapas, gráficas, diagramas, tablas
336 ## - TIPO DE CONTENIDO
Fuente rdacontent
Término de tipo de contenido texto
Código de tipo de contenido txt
337 ## - TIPO DE MEDIO
Fuente rdamedia
Nombre/término del tipo de medio no mediado
Código del tipo de medio n
338 ## - TIPO DE SOPORTE
Fuente rdacarrier
Nombre/término del tipo de soporte volumen
Código del tipo de soporte nc
502 ## - NOTA DE TESIS
Nota de tesis Tesis
Tipo de título (Ingeniero Agroindustrial) --
Nombre de la institución que otorga el título UACh. Departamento de Ingeniería Agroindustrial,
Año de obtención del título 1998
504 ## - NOTA DE BIBLIOGRAFÍA, ETC.
Nota de bibliografía, etc. Bibliografía: hojas 101-104
520 3# - SUMARIO, ETC.
Sumario, etc. Esta tesis describe la interrelación y el funcionamiento que existe entre los componentes del sistema agroindustrial miel en el Estado de Yucatán. Con la aplicación de la metodología propuesta por el Instituto Interamericano de Cooperación para la Agricultura y el Análisis Estratégico de Retos y Oportunidades, se pretende proponer estrategias que permitan el desarrollo del sistema mediante una mayor articulación de las cadenas productivas del mismo y una mayor rentabilidad de la industria de la miel en el Estado de Yucatán. En base los resultados, se propone el fortalecimiento de las organizaciones, la capacitación técnica y el incremento de colmenas de los apicultores. Por otro lado, el desarrollo de la industria transformadora así como la creación de una estrategia comercial para el mercado nacional e internacional permitiría la búsqueda de nuevos mercados dando como resultado el incremento del valor agregado al producto final. Por último, la creación de una empresa integradora, de las ya existentes, permitiría un mayor beneficio económico a los apicultores. --
520 3# - SUMARIO, ETC.
Sumario, etc. This thesis describes the interrelationships and functions of the components of the agroindustrial system of honey in the state of Yucatán. With the application of the methodology proposed by the Inter-American lnstitute of Cooperation for Agriculture and of the Strategic Analysis of Challenges and Opportunities, strategies are proposed which would permit the development of the system through greater articulation within the system's productive chains and result in greater profitability of the honey industry in the state of Yucatán. Based on the results, it is proposed that the organizations be strengthened, that producers receive technical training, and that the number of hives be increased. In addition, the development of an industry of transformation, as well as the creation of marketing strategies for the domestic and international market, would lead to a search for new markets. This would result in an increase in aggregate value of the final product. Finally, the creation of an integrating enterprise, by joining those already existing, would allow greater economic benefits for the honey producers. 
650 13 - PUNTO DE ACCESO ADICIONAL DE MATERIA--TÉRMINO DE MATERIA
Término de materia o nombre geográfico como elemento de entrada Miel y productos fabricados por abejas
Subdivisión geográfica México
-- Yucatán
Fuente del encabezamiento o término atg
650 13 - PUNTO DE ACCESO ADICIONAL DE MATERIA--TÉRMINO DE MATERIA
Término de materia o nombre geográfico como elemento de entrada Miel y productos fabricados por abejas
Subdivisión general Economía de la producción
Fuente del encabezamiento o término atg
650 13 - PUNTO DE ACCESO ADICIONAL DE MATERIA--TÉRMINO DE MATERIA
Término de materia o nombre geográfico como elemento de entrada Apicultura
Fuente del encabezamiento o término atg
Subdivisión general Capacitación técnica
650 13 - PUNTO DE ACCESO ADICIONAL DE MATERIA--TÉRMINO DE MATERIA
Término de materia o nombre geográfico como elemento de entrada Honey and bee products
Subdivisión geográfica Mexico
-- Yucatán
Fuente del encabezamiento o término atg
650 13 - PUNTO DE ACCESO ADICIONAL DE MATERIA--TÉRMINO DE MATERIA
Término de materia o nombre geográfico como elemento de entrada Honey and bee products
Subdivisión general Production economics
Fuente del encabezamiento o término atg
650 13 - PUNTO DE ACCESO ADICIONAL DE MATERIA--TÉRMINO DE MATERIA
Término de materia o nombre geográfico como elemento de entrada Apiculture
Subdivisión general Technical training
Fuente del encabezamiento o término atg
700 1# - PUNTO DE ACCESO ADICIONAL--NOMBRE DE PERSONA
Nombre de persona Zacarías Flores, José Luis
Término indicativo de función/relación autor
700 1# - PUNTO DE ACCESO ADICIONAL--NOMBRE DE PERSONA
Nombre de persona Mejenes Quijano, Amilcar Renán
Término indicativo de función/relación director
700 1# - PUNTO DE ACCESO ADICIONAL--NOMBRE DE PERSONA
Nombre de persona Santoyo Cortés, Vinicio Horacio
Término indicativo de función/relación asesor
700 1# - PUNTO DE ACCESO ADICIONAL--NOMBRE DE PERSONA
Nombre de persona Villegas de Gante, Abraham Zacarias
Término indicativo de función/relación asesor
901 ## - ELEMENTOS DE DATOS A LOCAL LDA (RLIN)
a TESIS R36 1998
942 ## - ELEMENTOS DE PUNTO DE ACCESO ADICIONAL (KOHA)
Tipo de ítem Koha TESIS
Fuente del sistema de clasificación o colocación Clasificación Universidad Autónoma Chapingo
902 ## - ELEMENTOS DE DATOS B LOCAL, LDB (RLIN)
a M
905 ## - ELEMENTOS DE DATOS E LOCAL, LDE (RLIN)
a 5232271998 mx amn 8222123322spa16
Holdings
Estado de retiro Estado de pérdida Fuente del sistema de clasificación o colocación Estado dañado Restricciones de uso No para préstamo Código de colección Localización permanente Ubicación/localización actual Fuente de adquisición Total de préstamos Signatura topográfica completa Código de barras Fecha visto por última vez Número de copia Tipo de ítem Koha
    Clasificación Universidad Autónoma de Chapingo   Préstamo interno   Tesis Ingenieria Agroindustrial Ingenieria Agroindustrial El autor   Tesis R36 1998 1101007248 02/02/2026 Ej. 2 Tesis
    Clasificación Universidad Autónoma de Chapingo   Préstamo interno   Tesis Ingenieria Agroindustrial Ingenieria Agroindustrial El autor   Tesis R36 1998 1101007247 02/02/2026 Ej. 1 Tesis